<?xml version="1.0" encoding="UTF-8"?>
<record
    xmlns:xsi="http://www.w3.org/2001/XMLSchema-instance"
    xsi:schemaLocation="http://www.loc.gov/MARC21/slim http://www.loc.gov/standards/marcxml/schema/MARC21slim.xsd"
    xmlns="http://www.loc.gov/MARC21/slim">

  <leader>02620cam a2200337 i 4500</leader>
  <controlfield tag="001">16572948</controlfield>
  <controlfield tag="003">EG-ScBUE</controlfield>
  <controlfield tag="005">20240604100727.0</controlfield>
  <controlfield tag="008">101209s2010    enk    f b    001 0 eng d</controlfield>
  <datafield tag="020" ind1=" " ind2=" ">
    <subfield code="a">9781848853454</subfield>
  </datafield>
  <datafield tag="020" ind1=" " ind2=" ">
    <subfield code="a">1848853459</subfield>
  </datafield>
  <datafield tag="040" ind1=" " ind2=" ">
    <subfield code="a">UKM</subfield>
    <subfield code="b">eng</subfield>
    <subfield code="e">rda</subfield>
    <subfield code="c">UKM</subfield>
    <subfield code="d">CDX</subfield>
    <subfield code="d">BWX</subfield>
    <subfield code="d">YDXCP</subfield>
    <subfield code="d">COO</subfield>
    <subfield code="d">DLC</subfield>
    <subfield code="d">EG-ScBUE</subfield>
  </datafield>
  <datafield tag="043" ind1=" " ind2=" ">
    <subfield code="a">a-is---</subfield>
    <subfield code="a">awgz---</subfield>
    <subfield code="a">awba---</subfield>
  </datafield>
  <datafield tag="082" ind1="0" ind2="4">
    <subfield code="2">22</subfield>
    <subfield code="a">956.9405</subfield>
    <subfield code="b">ACR</subfield>
  </datafield>
  <datafield tag="245" ind1="0" ind2="0">
    <subfield code="a">Across the wall :</subfield>
    <subfield code="b">narratives of Israeli-Palestinian history /</subfield>
    <subfield code="c">edited by Ilan Papp&#xE9; and Jamil Hilal.</subfield>
  </datafield>
  <datafield tag="264" ind1=" " ind2="1">
    <subfield code="a">London ;</subfield>
    <subfield code="a">New York :</subfield>
    <subfield code="b">I. B. Tauris,</subfield>
    <subfield code="c">2010.</subfield>
  </datafield>
  <datafield tag="300" ind1=" " ind2=" ">
    <subfield code="a">vi, 462 pages ;</subfield>
    <subfield code="c">25 cm.</subfield>
  </datafield>
  <datafield tag="336" ind1=" " ind2=" ">
    <subfield code="2">rdacontent</subfield>
    <subfield code="a">text</subfield>
    <subfield code="b">txt</subfield>
  </datafield>
  <datafield tag="337" ind1=" " ind2=" ">
    <subfield code="a">unmediated</subfield>
    <subfield code="2">rdamedia</subfield>
    <subfield code="b">n</subfield>
  </datafield>
  <datafield tag="338" ind1=" " ind2=" ">
    <subfield code="a">volume</subfield>
    <subfield code="b">nc</subfield>
    <subfield code="2">rdacarrier</subfield>
  </datafield>
  <datafield tag="490" ind1="0" ind2=" ">
    <subfield code="a">Library of modern Middle East studies ;</subfield>
    <subfield code="v">88</subfield>
  </datafield>
  <datafield tag="504" ind1=" " ind2=" ">
    <subfield code="a">Includes bibliographical references and index.</subfield>
  </datafield>
  <datafield tag="505" ind1="0" ind2=" ">
    <subfield code="a">Palisad: Palestinian and Israeli academics in dialogue / Jamil Hilal and Ilan Pappe -- Politics and identity: a critical analysis of Israeli historiography and political thought / Ehud Adiv -- Oriental othering and national identity: a review of early Israeli anthropological studies of Palestinians / Dan Rabinowitz -- The Shoah on trial: aspects of the Holocaust in Israeli political culture / Moshe Zuckermann -- Jerusalem 1948: the phantom city / Salim Tamari --"Dis/Solving" the Palestinian refugee problem: Israeli "resettlement" plans in the first decade of the State (1948-1958) /  Nur Mashala -- Fear, victimhood, self and other: on the road to reconciliation / lan Papp&#xFFFD;e -- Reflections on contemporary Palestinian history / Jamil Hilal -- Palestinian nationalism: the difficulties of narrating an ambivalent identity / Issam Nahar -- Gender, Nakba and Nation: Palestinian women's presence and absence in the narration of 1948 memories / Rema Hammami -- "Ethnocracy": the politics of Judaizing Israel/Palestine / Oren Yiftachel -- Democracy ... and the the experience of national liberation: the Palestinian case / Musa Budeiri -- The derailment of peace: Rabin's assassination, democracy and post-conflict agendas / Lev Grinberg -- Naming the colonizer in geographical Palestine: conceptual and political double binds and their possible solution / Uri Davis -- One-state Palestine: past, present and future / Ilan Papp&#xFFFD;e -- After Gaza / Jamil Hilal and Ilan Papp&#xFFFD;e.</subfield>
  </datafield>
  <datafield tag="650" ind1=" " ind2="7">
    <subfield code="a">Arab-Israeli conflict</subfield>
    <subfield code="y">1948-1967.</subfield>
    <subfield code="2">BUEsh</subfield>
  </datafield>
  <datafield tag="650" ind1=" " ind2="7">
    <subfield code="a">Jewish-Arab relations</subfield>
    <subfield code="2">BUEsh</subfield>
    <subfield code="9">2600</subfield>
  </datafield>
  <datafield tag="653" ind1=" " ind2=" ">
    <subfield code="b">GGEN</subfield>
    <subfield code="b">BUSBOL</subfield>
    <subfield code="c">May2018</subfield>
  </datafield>
  <datafield tag="655" ind1=" " ind2=" ">
    <subfield code="v">Reading book</subfield>
  </datafield>
  <datafield tag="700" ind1="1" ind2=" ">
    <subfield code="a">Papp&#xE9;, Ilan,</subfield>
    <subfield code="e">editor.</subfield>
  </datafield>
  <datafield tag="700" ind1="1" ind2=" ">
    <subfield code="a">Hil&#x101;l, Jam&#x12B;l,</subfield>
    <subfield code="e">editor.</subfield>
  </datafield>
  <datafield tag="942" ind1=" " ind2=" ">
    <subfield code="2">ddc</subfield>
    <subfield code="c">BB</subfield>
  </datafield>
  <datafield tag="999" ind1=" " ind2=" ">
    <subfield code="c">26643</subfield>
    <subfield code="d">26615</subfield>
  </datafield>
  <datafield tag="952" ind1=" " ind2=" ">
    <subfield code="0">0</subfield>
    <subfield code="1">0</subfield>
    <subfield code="2">ddc</subfield>
    <subfield code="4">0</subfield>
    <subfield code="7">0</subfield>
    <subfield code="8">MERIC</subfield>
    <subfield code="a">MAIN</subfield>
    <subfield code="b">MAIN</subfield>
    <subfield code="c">2ND</subfield>
    <subfield code="d">2018-05-07</subfield>
    <subfield code="e">Purchase</subfield>
    <subfield code="g">573.15</subfield>
    <subfield code="h">000292</subfield>
    <subfield code="l">1</subfield>
    <subfield code="m">34</subfield>
    <subfield code="o">956.9405 ACR</subfield>
    <subfield code="p">000047698</subfield>
    <subfield code="r">2025-07-15 00:00:00</subfield>
    <subfield code="s">2018-10-15</subfield>
    <subfield code="w">2018-05-07</subfield>
    <subfield code="y">BB</subfield>
  </datafield>
</record>
